000 00622nam a2200217Ia 4500
003 BUBTL
008 151213s9999 xx 000 0 und d
082 _a154.4/ B865t/ 1964
100 _aBugelski, B. R.
_94842
245 _aThe Psychology of Learning Applied to Teaching :
_cB. R. Bugelski
250 _a1st Edn
260 _aNew York
_bThe Bobsmerrill Company inc
_cc1964
300 _a278p. :
_b21 cm
500 _aIncludes Index
650 _aEnglish Literature
_91994
650 _a
700 _aB. R. Bugelski
_94843
856 _k0
_l0
_yDownload
942 _2ddc
_cBK
999 _c2397
_d2397